Milagros de nuestra Señora
Gespeichert in:
| 1. Verfasser: | |
|---|---|
| Format: | Buch |
| Sprache: | Spanisch |
| Veröffentlicht: |
Ciudad de México
Porrua
1976
|
| Ausgabe: | 5a. ed |
| Schriftenreihe: | Sepan cuantos, 35
|
| Schlagworte: | |
| Tags: |
Tag hinzufügen
Keine Tags, Fügen Sie den ersten Tag hinzu!
|
MARC
| LEADER | 00000nam a2200000 a 4500 | ||
|---|---|---|---|
| 001 | UCY2415 | ||
| 003 | CL-VaPUC | ||
| 008 | 941025e19760000MX |||||||||||||||||spa|d | ||
| 082 | 0 | 4 | |a 861 |b BER |2 21 |
| 100 | 0 | |a Berceo, Gonzalo de |e author |9 308429 | |
| 245 | 1 | 0 | |a Milagros de nuestra Señora |
| 246 | 1 | 0 | |a Vida de Santo Domingo de Silos |
| 246 | 1 | 0 | |a Vida de San Millán de la Cogolla |
| 246 | 1 | 0 | |a Vida de Santa Oria |
| 246 | 1 | 0 | |a Martirio de San Lorenzo |
| 250 | |a 5a. ed | ||
| 300 | |a 485 p | ||
| 942 | |c BK | ||
| 945 | |d 19941025 00:00:00 |a oaravena | ||
| 260 | |a Ciudad de México |b Porrua |c 1976 | ||
| 650 | 0 | |a Poesías españolas |9 265100 | |
| 650 | 0 | |a Poesía religiosa española |9 265612 | |
| 583 | |a last modification |c 19941025 00:00:00 |k Rodrigo Vera | ||
| 490 | 0 | |a Sepan cuantos, 35 | |
| 999 | |c 230828 |d 230826 | ||
| 952 | |0 0 |1 0 |4 0 |6 861_000000000000000_BER_1976 |7 0 |8 P |9 233412 |a BIBARQ |b BIBARQ |d 2019-11-15 |i 3027244 |o 861 BER 1976 |p 3027244 |r 2025-01-20 |w 2019-11-15 |y BK |k ARQ | ||